| 000 | 00517cam a22002051 4500 | ||
|---|---|---|---|
| 001 | sa 68006259 | ||
| 003 | DLC | ||
| 005 | 20260227112515.0 | ||
| 008 | 881102s1967 xx 000 0 mair | ||
| 010 | _asa 68006259 | ||
| 035 | _a(OCoLC)23537194 | ||
| 040 |
_aDLC _cMiU _dDLC |
||
| 042 | _apremarc | ||
| 050 | 0 | 0 |
_aPK1818.9.M3 _bB3 |
| 100 | 1 | _aMaṇḍala, Bindeśvara. | |
| 245 | 1 | 0 | _aBāṭaka bheṇṭa, jinagīka geṇṭha. |
| 260 |
_a[n.p. _c1967] |
||
| 300 |
_a5, 122 p. _c19 cm. |
||
| 500 | _aRomanized. | ||
| 999 |
_c81209 _d81209 |
||